Представление документа в формате RUSMARC

ПолеНазваниеЗначение
  Тип записи a
  Библиографический уровень m
001 Контрольный номер admiBOOK00020411
005 Дата корректировки 20140710190057.9
010 Индекс ISBN __
a ISBN 978-5-9558-0311-1; 978-5-16-006791-9
d Цена 399,85
100 Данные общей обработки __
a Данные общей обработки 19020211 |||y0 y0189 ca
101 Язык документа __
a Язык текста rus
105 Кодированные данные (монография) __
a Кодированные данные (монография) zy
200 Заглавие и сведения об ответственности 0_
a Заглавие Инновационный менеджмент
e Сведения, относящиеся к заглавию Учебник
f Первые сведения об ответственности Под ред. В.Я.Горфинкеля, Т.Г.Попадюк
205 Сведения об издании __
a Основные сведения об издании 4-е изд., перераб. и доп.
b Дополнительные сведения об издании Гриф УМО
210 Выходные данные __
a Место издания М
c Издательство Вузовский учебник; ИНФРА-М
d Дата издания 2014
215 Физическое описание __
a Объем 381с.
606 Тематические рубрики __
a Основная рубрика Менеджмент
610 Ключевые слова __
a Ключевые слова Менеджмент
a Ключевые слова Инновационный менеджмент
a Ключевые слова Инновации
a Ключевые слова Организация инновационной деятельности
a Ключевые слова Формы инновационного менеджмента
a Ключевые слова Франчайзинг
a Ключевые слова Интелелектуальная собственность
a Ключевые слова Инновационные игры
a Ключевые слова Прогнозирование в инновационной деятельности
a Ключевые слова Экономическая эффективность инвестиций
a Ключевые слова Экономическая эффективность инновационных проектов
675 Индекс УДК __
a Индекс УДК 338.24(075.8)
686 Индексы других классификаций __
a Классификационный индекс 65.050(М)
852 Данные о местонахождении __
c Местонахождение стеллажа 65.050(М)
852 Данные о местонахождении __
b Сигла хранения ЧЗ_1
t Номер экземпляра 3
i Авторский знак И66
p Инвентарный номер 149992
p Инвентарный номер 149993
p Инвентарный номер 149994
j Шифр хранения 65.050(М)
901 Тип документа __
t Тип документа m
911 __
u 952a=Учебник
u 952p=2504
938 Служебная информация __
a Название организации Саранский филиал
b Имя БД OUTPUT.MRC_доп
c Название АИБС АИБС Библиотека